[Event "BEL-chT 1819"]
[Site "Belgium"]
[Date "2018.09.30"]
[Round "1.7"]
[White "Remijsen, Dave"]
[Black "Michalczak, Thomas"]
[Result "0-1"]
[WhiteElo "1783"]
[BlackElo "2160"]
[PlyCount "90"]
[EventDate "2018.09.30"]
[EventType "team-tourn"]
[EventRounds "11"]
[EventCountry "BEL"]
[SourceTitle "CBM 186 Extra"]
[Source "ChessBase"]
[SourceDate "2018.08.24"]
[SourceVersion "1"]
[SourceVersionDate "2018.08.24"]
[SourceQuality "1"]
[WhiteTeam "Brasschaat"]
[BlackTeam "KSK47 Eynatten"]
[WhiteTeamCountry "BEL"]
[BlackTeamCountry "BEL"]

1. e4 e5 2. Nf3 Nc6 3. Bb5 a6 4. Bxc6 dxc6 5. 0-0 Be6 6. d4 exd4 7. Nxd4 Bc4 8. Re1 c5 9. Nf5 Qxd1 10. Rxd1 Ne7 11. Nxe7 Bxe7 12. Be3 Bf6 13. c3 b6 14. Nd2 Bd3 15. f3 0-0-0 16. Kf2 a5 17. Nf1 a4 18. a3 h5 19. Rd2 Kb7 20. Rad1 c4 21. Ke1 c5 22. Rf2 Kc6 23. Bd2 b5 24. Ne3 Rhe8 25. g3 b4 26. axb4 cxb4 27. Ra1 a3 28. Bc1 bxc3 29. Rxa3 cxb2 30. Bxb2 Be7 31. Rc3 Bb4 32. Rd2 Kb5 33. Kf2 g6 34. Nd5 Bxc3 35. Bxc3 Ka4 36. Ra2+ Kb3 37. Rb2+ Ka3 38. Rb7 f5 39. Bb4+ Ka2 40. Nc3+ Kb3 41. Ba5+ Kc2 42. Bxd8 Rxd8 43. Nd5 fxe4 44. Ne3+ Kd2 45. g4 Rf8 0-1

[Event "Brasschaat op 18th"]
[Site "Brasschaat"]
[Date "2018.08.21"]
[Round "4"]
[White "Sikkel, Dirk"]
[Black "Remijsen, Dave"]
[Result "1-0"]
[WhiteElo "1973"]
[BlackElo "1772"]
[PlyCount "39"]
[EventDate "2018.08.18"]
[EventType "swiss"]
[EventRounds "9"]
[EventCountry "BEL"]
[SourceTitle "CBM 186 Extra"]
[Source "ChessBase"]
[SourceDate "2018.08.24"]
[SourceVersion "1"]
[SourceVersionDate "2018.08.24"]
[SourceQuality "1"]

1. e4 c5 2. Nf3 d6 3. Bb5+ Nd7 4. 0-0 a6 5. Bxd7+ Bxd7 6. d4 cxd4 7. Qxd4 e5 8. Qd3 Rc8 9. Na3 b5 10. c4 bxc4 11. Nxc4 Bb5 12. Nfd2 Nf6 13. b3 d5 14. exd5 Qxd5 15. Qf5 Nd7 16. Bb2 g6 17. Qh3 f5 18. Rad1 Bg7 19. Nf3 Qe6 20. Nd6+ 1-0

[Event "Brasschaat op 18th"]
[Site "Brasschaat"]
[Date "2018.08.20"]
[Round "3"]
[White "Remijsen, Dave"]
[Black "Baselmans, Luuk"]
[Result "0-1"]
[WhiteElo "1772"]
[BlackElo "2100"]
[PlyCount "48"]
[EventDate "2018.08.18"]
[EventType "swiss"]
[EventRounds "9"]
[EventCountry "BEL"]
[SourceTitle "CBM 186 Extra"]
[Source "ChessBase"]
[SourceDate "2018.08.24"]
[SourceVersion "1"]
[SourceVersionDate "2018.08.24"]
[SourceQuality "1"]

1. e4 e6 2. d4 d5 3. Nc3 Nf6 4. Bg5 Be7 5. e5 Nfd7 6. Bxe7 Qxe7 7. f4 a6 8. Nf3 c5 9. Qd2 Nc6 10. dxc5 Nxc5 11. 0-0-0 0-0 12. Bd3 b5 13. g4 b4 14. Ne2 a5 15. Ned4 Nxd4 16. Nxd4 Ba6 17. Bxa6 Rxa6 18. Kb1 Ne4 19. Qe2 Rb6 20. Nb3 a4 21. Nd2 Nc3+ 22. bxc3 bxc3+ 23. Nb3 Qa3 24. Qb5 Qb2# 0-1

[Event "Brasschaat op 03rd"]
[Site "Brasschaat"]
[Date "2003.08.29"]
[Round "7"]
[White "Remijsen, Dave"]
[Black "Six, Stefaan"]
[Result "0-1"]
[WhiteElo "1725"]
[BlackElo "1888"]
[PlyCount "30"]
[EventDate "2003.08.24"]
[EventType "swiss"]
[EventRounds "9"]
[EventCountry "BEL"]
[SourceTitle "EXT 2017"]
[Source "ChessBase"]
[SourceDate "2016.10.25"]
[SourceVersion "1"]
[SourceVersionDate "2016.10.25"]
[SourceQuality "1"]

1. e4 d5 2. exd5 Nf6 3. Bb5+ Bd7 4. Bxd7+ Qxd7 5. c4 c6 6. dxc6 Nxc6 7. Nf3 e5 8. 0-0 e4 9. Ne1 0-0-0 10. Nc2 Bc5 11. Qe2 Ng4 12. Ne3 Nce5 13. Nc3 Nf3+ 14. gxf3 Ne5 15. Qd1 Qh3 0-1

[Event "Brasschaat op 03rd"]
[Site "Brasschaat"]
[Date "2003.08.27"]
[Round "5"]
[White "Thys, Marie Jeanne"]
[Black "Remijsen, Dave"]
[Result "0-1"]
[WhiteElo "1301"]
[BlackElo "1725"]
[PlyCount "48"]
[EventDate "2003.08.24"]
[EventType "swiss"]
[EventRounds "9"]
[EventCountry "BEL"]
[SourceTitle "EXT 2017"]
[Source "ChessBase"]
[SourceDate "2016.10.25"]
[SourceVersion "1"]
[SourceVersionDate "2016.10.25"]
[SourceQuality "1"]

1. b3 d5 2. Bb2 c5 3. e3 Nc6 4. Nf3 Bg4 5. Be2 e6 6. 0-0 Nf6 7. d3 Bd6 8. Nbd2 e5 9. e4 d4 10. Rc1 Nh5 11. g3 Bh3 12. Re1 Nf6 13. Ng5 Qd7 14. Nxh3 Qxh3 15. Bf1 Qe6 16. Be2 h5 17. Nf3 Nh7 18. Nh4 g6 19. Rf1 Be7 20. Nf3 g5 21. h4 gxh4 22. Nxh4 Bxh4 23. gxh4 Qh3 24. Bf3 Rg8+ 0-1